=LDR 00000nam 2200000 4500 =001 NUTBA000000000002498 =990 ##$$a 21403650 =005 20250526090241 =990 ##$$a 21008426 =035 ##$$a 0010-061400000000441 =990 ##$$a 21403648 =008 250526################g##########0#ind## =990 ##$$a 21403649 =040 ##$$a NBPDMAT =990 ##$$a 21403651 =082 ##$$a 028.5 =990 ##$$a 01201808479 =090 ##$$a 028.5 $b Pur a =100 ##$$a Purwanto =245 1#$$a Awas gempa /$c Purwanto Bsc =250 ##$$a Cet.111 =260 ##$$a Jakarta :$b Grafiti,$c 2007 =300 ##$$a 58 hlm. : $b ilus. ; $c 21 x 14 cm. =500 ##$$a Bibliografi : hlm. 55 =650 #4$$a Bacaan Kanak - Kanak =850 ##$$a NBPDMAT =084 ##$$a 028.5 PUR a =990 ##$$a 21008426 =990 ##$$a 21403648 =990 ##$$a 21403649 =990 ##$$a 21403650 =990 ##$$a 21403651 =990 ##$$a 01201808479